01399cam a22003617a 4500003000500000005001700005008004100022010001000063011001000073035001000083040000900093090001000102100004000112245010700152260003600259300003200295502012500327590003700452590004100489590004100530590004100571590004200612650003800654650003100692650003200723650002800755901000700783905002300790942001000813949006000823999001700883952013700900CHAP20220329142648.0020823d2001 mx d r 00110 spa d a86157 a87129 a97670 cCHAP aTesis00aVerastegui Idarza, Procoro.911883310aEfecto de fechas de siembra y genotipos sobre el rendimiento de maízc/por Procoro Verastegui Idarza aCocula, Gro.:bEl autor,c2001. a47 h. :bgráfs. ; cuadros aTesis (Ing. Agr. Fitotecnista) -- Colegio Superior Agropecuario del Estado de Guerrero. Centro de Estudios Profesionales aALEPHb10c20130110lUCH01h1448 aBATCH-UPDb10c20130110lUCH01h0728 aBATCH-UPDb10c20130410lUCH01h0412 aBATCH-UPDb10c20130914lUCH01h1755 aCONVERSIONb10c20130109lUCH01h134814aMaízxFechas de siembra.97095414aMaízxGenética.97096314aMaízxRendimiento.97105114aMaízxSiembra.971061 aBK aMarco A.Mendoza T. cTESIS aTesisbBCcTESd976701eTS1gDonaciØnh39855i97670sb c86157d86157 00102local4051708TESISaBCbBCcPA_TESISd2019-12-31eDonacionfTESISl0oTesisp976701r2019-12-31 00:00:00w2019-12-31yTESIS